000 00695nam a2200217Ii 4500
003 JO-AjNU
008 230605s9999||||xx |||||||||||||| ||und||
017 _a2009/8/1973
040 _aJO-AjNU
_bara
_erda
_cJO-AjNU
041 _aara
050 1 4 _aQA76.5.S5222 2009
100 3 _aالشيخ، علاء محمد,
_eauthor
_929806
245 0 0 _aمكونات الحاسوب الشخصي
250 _aط1
264 3 1 _aعمان:مكتبة المجتمع العربي ، 2009
300 _a290ص
336 _atext
_btxt
_2rdacontent
337 _aunmediated
_bn
_2rdamedia
338 _avolume
_bnc
_2rdacarrier
650 4 _a الحاسبات الإلكترونية الدقيقة
_929807
999 _aA11737
_c15305
_d15305